Pieseň o veľkom priateľstve

Bibliographic Details
Main Author: Lajčiak, Milan, 1926-1987 (Author)
Other Authors: Hložník, Ferdinand, 1921-2006 (Illustrator)
Format: Book
Language:Slovak
PhysicalDescription:72, [5] s. ilustrácie 21 cm
Published: Bratislava Smena 1950
Subjects:

MARC

LEADER 00000cam a2200000 a 4500
001 vtls008382015
003 SK-MaSNL
005 20260301132516.0
008 230403s1950 xo g 000 0 slo
015 |a SNBA19451955-006393 
035 |a SK01SNKBKSFS20010074232 
035 |a urn:nbn:sk:snk-am3ht80 
035 |a 2526340A-A4BF-42B7-993E-72AC45001AD6 
035 |a urn:nbn:sk:snk-am00d8gr 
035 |a SKM000076695 
040 |a SNK  |b slo  |c SNK  |e AACR2 
041 0 |a slo 
044 |a xo  |c SK 
080 |a 885.4-1  |2 1981 
100 1 |a Lajčiak, Milan,  |d 1926-1987  |4 aut  |9 108090 
245 1 0 |a Pieseň o veľkom priateľstve  |c Milan Lajčiak ; ilustrácie Ferdinand Hložník 
260 |a Bratislava  |b Smena  |c 1950  |e Ružomberok  |f Stredoslovenské tlač. 
300 |a 72, [5] s.  |b ilustrácie  |c 21 cm 
500 |a Frontispice 
500 |a V tiráži rok vyd. 1951 
655 7 |a slovenská poézia  |2 SNKPH  |9 70444 
700 1 |a Hložník, Ferdinand,  |d 1921-2006  |4 ill  |9 92675 
852 |a Slovenská národná knižnica 
954 |a beletria pôvodná (slovenská)  |2 lita 
958 |a EUIPO 
958 |a OND 
958 |a RK 
958 |a LX 
999 |c 751149  |d 753079 
952 |a SNK  |b SNK  |y PREZ  |7 0  |p 17A0747777  |o snkSC 4455  |i snk1192/51  |0 0  |1 0  |4 0  |d 2018-12-05  |f 1  |l 0  |r 2025-06-25 00:00:00  |w 2026-02-23